[Event "Liga Madrileña - DH 2012-2013"]
[Site "Madrid ESP"]
[Date "2012.12.02"]
[Round "3.34"]
[White "Perez Gonzalez, Jose Manuel"]
[Black "Hinojar Diez, David"]
[Result "1-0"]
[WhiteElo "2314"]
[BlackElo "2172"]
[PlyCount "37"]
[EventDate "2012.11.18"]
[EventRounds "14"]
[EventCountry "ESP"]
[Source "lmi"]
[SourceDate "2012.11.18"]
[WhiteTeam "Amigos del Retiro"]
[BlackTeam "Cafe Comercial"]
[WhiteTeamCountry "ESP"]
[BlackTeamCountry "ESP"]

1. e4 d6 2. d4 Nd7 3. Nf3 c5 4. Nc3 cxd4 5. Nxd4 e6 6. Bc4 Ne5 7. Bb3 Nf6 8. f4
Ng6 9. O-O Be7 10. f5 exf5 11. Ba4+ Bd7 12. Bxd7+ Nxd7 13. Nxf5 O-O 14. Nd5 Nf6
15. Nfxe7+ Nxe7 16. Nxf6+ gxf6 17. Rxf6 d5 18. Bh6 Re8 19. Qd4 1-0

[Event "Liga Madrileña - DH 2012-2013"]
[Site "Madrid ESP"]
[Date "2012.12.02"]
[Round "3.35"]
[White "Galan Fernandez, Felix"]
[Black "Fernandez Garcia, Miguel Angel"]
[Result "0-1"]
[WhiteElo "2004"]
[BlackElo "2307"]
[PlyCount "164"]
[EventDate "2012.11.18"]
[EventRounds "14"]
[EventCountry "ESP"]
[Source "lmi"]
[SourceDate "2012.11.18"]
[WhiteTeam "Cafe Comercial"]
[BlackTeam "Amigos del Retiro"]
[WhiteTeamCountry "ESP"]
[BlackTeamCountry "ESP"]

1. e4 c5 2. Nf3 Nc6 3. Bb5 g6 4. Bxc6 dxc6 5. O-O Bg7 6. h3 Nf6 7. d3 Nd7 8.
Nc3 e5 9. Be3 Qe7 10. Qd2 Nf8 11. Ne2 Ne6 12. c3 O-O 13. Bh6 Rd8 14. Bxg7 Nxg7
15. Qc2 Qf6 16. Nh2 Nh5 17. Rad1 Nf4 18. Nxf4 Qxf4 19. Qe2 Be6 20. Qe3 Qxe3 21.
fxe3 Rd7 22. Nf3 f6 23. b3 Rad8 24. d4 Kg7 25. Rd2 cxd4 26. exd4 exd4 27. cxd4
Bg8 28. g4 Re7 29. Re1 Rde8 30. Rde2 Bd5 31. Nd2 f5 32. gxf5 gxf5 33. e5 Kf7
34. Nc4 Ke6 35. Nd6 Rg8+ 36. Kf2 Reg7 37. Ke3 b6 38. Rf2 Rg5 39. h4 Rh5 40. Rf4
Rg3+ 41. Kd2 Rg2+ 42. Re2 Rg4 43. Nxf5 Rxf4 44. Ng7+ Ke7 45. Nxh5 Rxd4+ 46. Kc3
Rxh4 47. Nf6 Ke6 48. Re3 a5 49. a3 b5 50. Kb2 b4 51. axb4 axb4 52. Kc2 Rh2+ 53.
Kb1 h5 54. Ne8 Rg2 55. Nc7+ Ke7 56. Na6 Rg4 57. Nc5 h4 58. Rh3 Bg2 59. Rd3 Bd5
60. Rh3 Be6 61. Rf3 Rg5 62. Rf4 h3 63. Nxe6 Kxe6 64. Rh4 Rg1+ 65. Kc2 Rg2+ 66.
Kd3 h2 67. Rh5 c5 68. Kc4 Rc2+ 69. Kd3 Rc3+ 70. Ke4 Rxb3 71. Rxh2 c4 72. Rh6+
Kf7 73. Rc6 c3 74. Rc7+ Ke6 75. Rc6+ Kd7 76. Kd5 Rb1 77. e6+ Kd8 78. Kd4 Ke7
79. Kd3 Rb2 80. Kc4 b3 81. Kb4 c2 82. Ka3 Rb1 0-1

[Event "Liga Madrileña - DH 2012-2013"]
[Site "Madrid ESP"]
[Date "2012.12.02"]
[Round "3.36"]
[White "Vallejo Diaz, Jesus"]
[Black "Merlo Sapienza, Gustavo Adrian"]
[Result "1-0"]
[WhiteElo "2290"]
[BlackElo "1979"]
[PlyCount "93"]
[EventDate "2012.11.18"]
[EventRounds "14"]
[EventCountry "ESP"]
[Source "lmi"]
[SourceDate "2012.11.18"]
[WhiteTeam "Amigos del Retiro"]
[BlackTeam "Cafe Comercial"]
[WhiteTeamCountry "ESP"]
[BlackTeamCountry "ESP"]

1. e4 c5 2. Nf3 g6 3. c3 d5 4. exd5 Qxd5 5. d4 Bg7 6. dxc5 Qxd1+ 7. Kxd1 Nf6 8.
Bb5+ Bd7 9. Na3 O-O 10. Bxd7 Nbxd7 11. c6 bxc6 12. Re1 Rfe8 13. Nc4 Nd5 14.
Nce5 Nxe5 15. Nxe5 Rac8 16. Kc2 f6 17. Nc4 Nb6 18. Nxb6 axb6 19. Be3 c5 20. a4
e5 21. a5 bxa5 22. c4 Ra8 23. Ra4 f5 24. Bxc5 Rec8 25. Bb6 e4 26. b3 Ra6 27.
Bxa5 Rc5 28. Bb4 Rxc4+ 29. bxc4 Rxa4 30. Kb3 Ra7 31. c5 Kf7 32. Re2 Ke6 33. Kc4
Be5 34. f3 Bxh2 35. fxe4 f4 36. c6 Rc7 37. Kb5 Bg1 38. Ba5 Rc8 39. c7 Bd4 40.
Kc6 Rf8 41. Bb4 Rg8 42. Rd2 Bf6 43. Rd6+ Kf7 44. Rd7+ Ke6 45. Rxh7 Be5 46. Re7+
Kf6 47. Bd6 1-0

[Event "Liga Madrileña - DH 2012-2013"]
[Site "Madrid ESP"]
[Date "2012.12.02"]
[Round "3.41"]
[White "Candela Perez, Jose"]
[Black "Moreno Trujillo, Alejandro"]
[Result "0-1"]
[WhiteElo "2393"]
[BlackElo "2509"]
[PlyCount "77"]
[EventDate "2012.11.18"]
[EventRounds "14"]
[EventCountry "ESP"]
[Source "lmi"]
[SourceDate "2012.11.18"]
[WhiteTeam "Casa del Ajedrez"]
[BlackTeam "64 Villalba"]
[WhiteTeamCountry "ESP"]
[BlackTeamCountry "ESP"]

1. d4 d5 2. c4 c6 3. Nf3 Nf6 4. e3 Bf5 5. Nc3 e6 6. Nh4 Bg6 7. Nxg6 hxg6 8. Bd2
Nbd7 9. Qb3 Qb6 10. g3 Be7 11. Bg2 O-O 12. cxd5 exd5 13. Qc2 a5 14. O-O Qa6 15.
Rfc1 Nb6 16. Bf1 Qa7 17. a4 Nc8 18. Na2 Ne4 19. Be1 Ncd6 20. b4 Bd8 21. b5 Rc8
22. bxc6 bxc6 23. Rab1 Bg5 24. Qd3 c5 25. Qa6 Qd7 26. dxc5 Nxc5 27. Qxa5 Nde4
28. Qb5 Qf5 29. Nc3 d4 30. Nxe4 Qxe4 31. Bg2 Qe7 32. Bb4 dxe3 33. f4 e2 34.
Rxc5 Qe3+ 35. Kh1 Be7 36. Rxc8 Rxc8 37. Re1 Rc1 38. Qb8+ Kh7 39. h3 0-1

[Event "Liga Madrileña - DH 2012-2013"]
[Site "Madrid ESP"]
[Date "2012.12.02"]
[Round "3.42"]
[White "Bolado Saez, Sergio"]
[Black "Gallego Jimenez, Victoriano"]
[Result "1/2-1/2"]
[WhiteElo "2388"]
[BlackElo "2385"]
[PlyCount "114"]
[EventDate "2012.11.18"]
[EventRounds "14"]
[EventCountry "ESP"]
[Source "lmi"]
[SourceDate "2012.11.18"]
[WhiteTeam "64 Villalba"]
[BlackTeam "Casa del Ajedrez"]
[WhiteTeamCountry "ESP"]
[BlackTeamCountry "ESP"]

1. d4 d5 2. c4 Nc6 3. Nc3 Nf6 4. Nf3 dxc4 5. Bg5 h6 6. Bh4 a6 7. d5 Na5 8. Qa4+
c6 9. b4 cxb3 10. axb3 e6 11. Bxf6 gxf6 12. b4 Nc4 13. dxc6 b5 14. Qb3 Qd6 15.
Nxb5 Qxb4+ 16. Qxb4 Bxb4+ 17. Kd1 Rb8 18. Na7 O-O 19. e3 Ne5 20. Nxe5 fxe5 21.
Bxa6 Bxa6 22. Rxa6 Bc5 23. Kc2 Bxa7 24. Rxa7 Rb6 25. c7 Rc8 26. Rc1 Kf8 27. Kd3
Ke7 28. Ke4 Rb2 29. Kf3 e4+ 30. Kg3 Rg8+ 31. Kh3 Rc8 32. Kg3 Rg8+ 33. Kf4 Rxf2+
34. Kxe4 Rc8 35. Kd4 Kd7 36. Rc5 Rxg2 37. h3 Rg3 38. Rh5 Rg6 39. Rc5 Rf6 40. h4
Rg6 41. h5 Rg4+ 42. Kc3 Kd6 43. Rca5 Rxc7+ 44. Rxc7 Kxc7 45. Ra7+ Kd6 46. Rxf7
Rg5 47. Kd4 Rxh5 48. Ke4 Rg5 49. Kf4 Rg6 50. Rh7 Kd5 51. e4+ Kd6 52. e5+ Kd5
53. Rd7+ Kc6 54. Rh7 Kd5 55. Rd7+ Kc4 56. Rc7+ Kd3 57. Rf7 h5 1/2-1/2

[Event "Liga Madrileña - DH 2012-2013"]
[Site "Madrid ESP"]
[Date "2012.12.02"]
[Round "3.43"]
[White "Rojo Huerta, Gabriel"]
[Black "Bermejo Martinez, Jorge"]
[Result "1-0"]
[WhiteElo "2356"]
[BlackElo "2317"]
[PlyCount "55"]
[EventDate "2012.11.18"]
[EventRounds "14"]
[EventCountry "ESP"]
[Source "lmi"]
[SourceDate "2012.11.18"]
[WhiteTeam "Casa del Ajedrez"]
[BlackTeam "64 Villalba"]
[WhiteTeamCountry "ESP"]
[BlackTeamCountry "ESP"]

1. d4 g6 2. c4 Bg7 3. Nf3 d6 4. Nc3 Nc6 5. d5 Ne5 6. Nxe5 Bxe5 7. e4 c5 8. Qc2
Bg7 9. Bd3 Nf6 10. O-O O-O 11. f4 Bd7 12. Qe2 Ne8 13. Bd2 e6 14. a4 exd5 15.
cxd5 Nc7 16. Rae1 Re8 17. Qf3 f5 18. Qg3 Bd4+ 19. Kh1 Qf6 20. Re2 a6 21. Rfe1
Rf8 22. a5 Kh8 23. e5 Qe7 24. Qh3 Rae8 25. Qh6 Bb5 26. Nxb5 axb5 27. exd6 Qxd6
28. Re7 1-0

[Event "Liga Madrileña - DH 2012-2013"]
[Site "Madrid ESP"]
[Date "2012.12.02"]
[Round "3.44"]
[White "Renteria Becerra, Jorge Elicer"]
[Black "Elguezabal Varela, Daniel"]
[Result "1/2-1/2"]
[WhiteElo "2300"]
[BlackElo "2366"]
[PlyCount "121"]
[EventDate "2012.11.18"]
[EventRounds "14"]
[EventCountry "ESP"]
[Source "lmi"]
[SourceDate "2012.11.18"]
[WhiteTeam "64 Villalba"]
[BlackTeam "Casa del Ajedrez"]
[WhiteTeamCountry "ESP"]
[BlackTeamCountry "ESP"]

1. e4 e6 2. d4 d5 3. Nc3 Nc6 4. Nf3 Nf6 5. e5 Ne4 6. Bd3 Bb4 7. Bd2 Nxd2 8.
Qxd2 f6 9. exf6 Qxf6 10. Bb5 Bd6 11. O-O O-O 12. Rfe1 Bf4 13. Qd1 Bd7 14. Bxc6
Bxc6 15. Ne2 Bd6 16. Ng3 Bb5 17. Qd2 Rac8 18. a4 Be8 19. Qe3 Bd7 20. c3 c5 21.
Qd2 cxd4 22. cxd4 Rc4 23. b3 Rc7 24. Ne5 Rfc8 25. Nh5 Qh4 26. Ng3 Bxe5 27. Rxe5
Rc2 28. Qb4 a5 29. Qb6 Qd8 30. Qxb7 Rb8 31. Qa6 Qb6 32. Qxb6 Rxb6 33. Re3 Rb2
34. h4 R6xb3 35. Rxb3 Rxb3 36. Rc1 Rb4 37. Rc7 Be8 38. Re7 Bf7 39. Ra7 g6 40.
Rxa5 Rxd4 41. h5 gxh5 42. Ra7 h4 43. Ne2 Rc4 44. a5 d4 45. Rd7 e5 46. a6 Ra4
47. a7 Kg7 48. f4 d3 49. Nc3 Ra1+ 50. Kf2 exf4 51. Nb5 Ra2+ 52. Kf3 Kf6 53.
Kxf4 Be8 54. Rd8 Bxb5 55. a8=Q Rxa8 56. Rxa8 Bc6 57. Ra6 Ke7 58. Ra7+ Kd6 59.
Ke3 Bxg2 60. Rxh7 h3 61. Kxd3 1/2-1/2

[Event "Liga Madrileña - DH 2012-2013"]
[Site "Madrid ESP"]
[Date "2012.12.02"]
[Round "3.45"]
[White "Unciti Juan, Javier"]
[Black "Rioboo de la Riva, Alvaro"]
[Result "1/2-1/2"]
[WhiteElo "2196"]
[BlackElo "2233"]
[PlyCount "101"]
[EventDate "2012.11.18"]
[EventRounds "14"]
[EventCountry "ESP"]
[Source "lmi"]
[SourceDate "2012.11.18"]
[WhiteTeam "Casa del Ajedrez"]
[BlackTeam "64 Villalba"]
[WhiteTeamCountry "ESP"]
[BlackTeamCountry "ESP"]

1. e4 e6 2. d4 d5 3. Nc3 Nf6 4. Bg5 Bb4 5. exd5 Qxd5 6. Bxf6 Bxc3+ 7. bxc3 gxf6
8. Qg4 Ke7 9. Bd3 Qa5 10. Ne2 Nc6 11. O-O Bd7 12. Rab1 Rag8 13. Qf4 Nd8 14. c4
h5 15. Rfe1 Rg4 16. Qe3 Rhg8 17. g3 h4 18. Nf4 hxg3 19. fxg3 c6 20. d5 Qc7 21.
Kf2 b6 22. dxe6 fxe6 23. Bf5 e5 24. Bxg4 Bxg4 25. h3 Bc8 26. c5 Kf8 27. Nh5 Rg5
28. g4 e4 29. Nxf6 Qh2+ 30. Kf1 Rxc5 31. Qh6+ Kf7 32. Qh7+ Kxf6 33. Qh8+ Kf7
34. Qh7+ Kf8 35. Qh8+ Ke7 36. Rxe4+ Ne6 37. Qh4+ Kd6 38. Rd1+ Rd5 39. Rxe6+
Bxe6 40. Qd8+ Kc5 41. Qf8+ Kc4 42. Rxd5 Bxd5 43. a3 Qxh3+ 44. Kf2 Qh2+ 45. Ke3
Qg3+ 46. Kd2 c5 47. Qf1+ Kd4 48. Qf6+ Ke4 49. Qf5+ Kd4 50. Qf6+ Ke4 51. Qf5+
1/2-1/2

[Event "Liga Madrileña - DH 2012-2013"]
[Site "Madrid ESP"]
[Date "2012.12.02"]
[Round "3.46"]
[White "Bermejo Arruego, Luis"]
[Black "Collado Barbas, Laura"]
[Result "0-1"]
[WhiteElo "2216"]
[BlackElo "2151"]
[PlyCount "90"]
[EventDate "2012.11.18"]
[EventRounds "14"]
[EventCountry "ESP"]
[Source "lmi"]
[SourceDate "2012.11.18"]
[WhiteTeam "64 Villalba"]
[BlackTeam "Casa del Ajedrez"]
[WhiteTeamCountry "ESP"]
[BlackTeamCountry "ESP"]

1. e4 e6 2. d4 d5 3. e5 c5 4. c3 Qb6 5. Nf3 Nc6 6. Be2 Bd7 7. O-O Rc8 8. dxc5
Bxc5 9. b4 Be7 10. Bd3 f6 11. exf6 Nxf6 12. Bf4 O-O 13. a4 Qd8 14. Re1 Ne4 15.
Be3 Nf6 16. b5 Na5 17. Ne5 Qc7 18. Bd4 Bc5 19. Ra2 Bxd4 20. cxd4 Qd6 21. Rae2
Be8 22. Re3 Bh5 23. Qd2 Nb3 24. Qb2 Na5 25. Nd2 b6 26. Rh3 h6 27. Rg3 Kh8 28.
Bg6 Kg8 29. Qb1 Rc7 30. Rge3 Re7 31. Bxh5 Nxh5 32. Ng6 Rff7 33. Nxe7+ Rxe7 34.
g3 Nf6 35. Qc2 Ng4 36. Qc8+ Kf7 37. Rf3+ Nf6 38. Rc3 Qb4 39. Nf3 Nd7 40. Rec1
Nc4 41. Qa6 Qd6 42. Kg2 Qc7 43. Nd2 Nb8 44. Rxc4 dxc4 45. Rxc4 Nxa6 0-1

[Event "Liga Madrileña - DH 2012-2013"]
[Site "Madrid ESP"]
[Date "2012.12.16"]
[Round "4.11"]
[White "Adan Bermudez, Sergio"]
[Black "Huerga Leache, Mikel"]
[Result "1-0"]
[WhiteElo "2285"]
[BlackElo "2450"]
[PlyCount "125"]
[EventDate "2012.11.18"]
[EventRounds "14"]
[EventCountry "ESP"]
[Source "lmi"]
[SourceDate "2012.11.18"]
[WhiteTeam "Pueblo Nuevo"]
[BlackTeam "64 Villalba"]
[WhiteTeamCountry "ESP"]
[BlackTeamCountry "ESP"]

1. Nf3 d5 2. g3 Bg4 3. Bg2 Nd7 4. c4 e6 5. b3 Ngf6 6. Bb2 Bd6 7. O-O Qe7 8. d4
c6 9. Ne5 Bf5 10. Nd2 Ba3 11. Bxa3 Qxa3 12. Nxd7 Nxd7 13. cxd5 exd5 14. e4 dxe4
15. Nc4 Qe7 16. d5 O-O 17. dxc6 bxc6 18. Qd6 Qg5 19. Qxc6 Rfc8 20. Qd5 Nf6 21.
Qa5 Rd8 22. Rad1 Rxd1 23. Rxd1 g6 24. Ne3 Qh5 25. Rd8+ Rxd8 26. Qxd8+ Kg7 27.
Qd4 Bh3 28. Bxh3 Qxh3 29. Qxa7 Ng4 30. Qd4+ Kg8 31. Nxg4 Qxg4 32. a4 Qe2 33.
Qc3 h5 34. h4 Qd1+ 35. Kg2 Qd5 36. Qe3 Qa8 37. Kh2 Kh7 38. Qc5 Qb7 39. b4 e3
40. b5 exf2 41. Qxf2 f5 42. b6 Qa6 43. Qb2 f4 44. b7 fxg3+ 45. Kxg3 Qd6+ 46.
Kg2 Qd5+ 47. Kg1 Qc5+ 48. Qf2 Qc1+ 49. Kg2 Qc6+ 50. Qf3 Qc2+ 51. Kh3 Qc7 52.
Qb3 Qd7+ 53. Kh2 Qd2+ 54. Kg3 Qe1+ 55. Kf3 Qf1+ 56. Ke4 Qf5+ 57. Kd4 Qf4+ 58.
Kc3 Qe5+ 59. Kb4 Qe1+ 60. Kb5 Qe2+ 61. Kb6 Qf2+ 62. Ka6 Qf6+ 63. Qb6 1-0

[Event "Liga Madrileña - DH 2012-2013"]
[Site "Madrid ESP"]
[Date "2012.12.16"]
[Round "4.12"]
[White "Bolado Saez, Sergio"]
[Black "Fernandez Lledo, Javier"]
[Result "1-0"]
[WhiteElo "2388"]
[BlackElo "2238"]
[PlyCount "65"]
[EventDate "2012.11.18"]
[EventRounds "14"]
[EventCountry "ESP"]
[Source "lmi"]
[SourceDate "2012.11.18"]
[WhiteTeam "64 Villalba"]
[BlackTeam "Pueblo Nuevo"]
[WhiteTeamCountry "ESP"]
[BlackTeamCountry "ESP"]

1. d4 Nf6 2. Nf3 g6 3. c4 Bg7 4. Nc3 O-O 5. g3 d6 6. Bg2 Nc6 7. O-O a6 8. h3
Bd7 9. e4 Rb8 10. e5 Ne8 11. Qe2 b5 12. b3 Qc8 13. Kh2 b4 14. Nd5 e6 15. Nf4
Nxd4 16. Nxd4 dxe5 17. Nfxe6 Bxe6 18. Nc6 Kh8 19. Nxb8 Qxb8 20. Bb2 c5 21. Rae1
f6 22. f4 Nd6 23. fxe5 Nf5 24. Rf4 Bh6 25. Rxf5 gxf5 26. exf6 Bf7 27. Bd5 f4
28. Qe7 fxg3+ 29. Kg2 Qf4 30. Re2 Kg8 31. Qxc5 a5 32. Qxa5 Kh8 33. Bxf7 1-0

[Event "Liga Madrileña - DH 2012-2013"]
[Site "Madrid ESP"]
[Date "2012.12.16"]
[Round "4.13"]
[White "Navarro Nicolas, Victor Manuel"]
[Black "Renteria Becerra, Jorge Elicer"]
[Result "0-1"]
[WhiteElo "2211"]
[BlackElo "2300"]
[PlyCount "80"]
[EventDate "2012.11.18"]
[EventRounds "14"]
[EventCountry "ESP"]
[Source "lmi"]
[SourceDate "2012.11.18"]
[WhiteTeam "Pueblo Nuevo"]
[BlackTeam "64 Villalba"]
[WhiteTeamCountry "ESP"]
[BlackTeamCountry "ESP"]

1. d4 Nf6 2. c4 c5 3. d5 b5 4. cxb5 a6 5. bxa6 g6 6. Nc3 Bxa6 7. e4 Bxf1 8.
Kxf1 d6 9. Nf3 Nbd7 10. g3 Bg7 11. Kg2 O-O 12. Qe2 Qa5 13. a4 Qa6 14. Nb5 Rfb8
15. Ra3 Ne8 16. Qc2 Qb7 17. Bd2 Nb6 18. b3 f5 19. exf5 gxf5 20. Re1 Nxd5 21.
Qxf5 e5 22. Nc3 Nxc3 23. Bxc3 Nc7 24. Rd1 Rf8 25. Qg4 Rad8 26. Ba5 Rf6 27. Bxc7
Qxc7 28. Qc4+ Kh8 29. Ng5 d5 30. Qc2 e4 31. a5 Rdf8 32. a6 Qe5 33. Nh3 Qh5 34.
a7 Rh6 35. Nf4 Qxh2+ 36. Kf1 Qh1+ 37. Ke2 Qf3+ 38. Kd2 Rh2 39. Ne2 Bh6+ 40. Nf4
Qxf2+ 0-1

[Event "Liga Madrileña - DH 2012-2013"]
[Site "Madrid ESP"]
[Date "2012.12.16"]
[Round "4.14"]
[White "Lopez del Alamo, Antonio"]
[Black "Barez Menendez, Hector"]
[Result "1/2-1/2"]
[WhiteElo "2241"]
[BlackElo "2163"]
[PlyCount "67"]
[EventDate "2012.11.18"]
[EventRounds "14"]
[EventCountry "ESP"]
[Source "lmi"]
[SourceDate "2012.11.18"]
[WhiteTeam "64 Villalba"]
[BlackTeam "Pueblo Nuevo"]
[WhiteTeamCountry "ESP"]
[BlackTeamCountry "ESP"]

1. e4 e5 2. Bc4 Nf6 3. d3 c6 4. Nf3 Be7 5. O-O d6 6. Nbd2 O-O 7. Re1 Bg4 8. Bb3
Nbd7 9. c3 Nc5 10. Bc2 Ne6 11. h3 Bh5 12. Nf1 Nd7 13. Ng3 Bxf3 14. Qxf3 g6 15.
b3 a5 16. a3 Re8 17. Bb2 Qb6 18. Rad1 Ndc5 19. b4 axb4 20. cxb4 Na4 21. Bxa4
Rxa4 22. Ne2 Ng5 23. Qg3 Bf6 24. d4 Nxe4 25. Qf3 d5 26. Ng3 Nxg3 27. Qxf6 Nh5
28. Qh4 e4 29. f3 Qd8 30. Qxd8 Rxd8 31. fxe4 Nf6 32. exd5 Nxd5 33. Rc1 Raa8 34.
Rc5 1/2-1/2

[Event "Liga Madrileña - DH 2012-2013"]
[Site "Madrid ESP"]
[Date "2012.12.16"]
[Round "4.15"]
[White "Nieto de la Cruz, Julio"]
[Black "Bermejo Arruego, Luis"]
[Result "1-0"]
[WhiteElo "2111"]
[BlackElo "2216"]
[PlyCount "47"]
[EventDate "2012.11.18"]
[EventRounds "14"]
[EventCountry "ESP"]
[Source "lmi"]
[SourceDate "2012.11.18"]
[WhiteTeam "Pueblo Nuevo"]
[BlackTeam "64 Villalba"]
[WhiteTeamCountry "ESP"]
[BlackTeamCountry "ESP"]

1. d4 d5 2. c4 Nc6 3. cxd5 Qxd5 4. e3 e5 5. Nc3 Bb4 6. Bd2 Bxc3 7. bxc3 Nf6 8.
Ne2 O-O 9. f3 Qd6 10. Ng3 Re8 11. Be2 exd4 12. cxd4 h5 13. Qc2 h4 14. Ne4 Nxe4
15. fxe4 Qg6 16. Bd3 Qxg2 17. O-O-O a5 18. Rhg1 Qxh2 19. Bc4 Nb4 20. Qb3 Rxe4
21. Bxf7+ Kh8 22. a3 Nc6 23. Qd5 Ne5 24. Qd8+ 1-0

[Event "Liga Madrileña - DH 2012-2013"]
[Site "Madrid ESP"]
[Date "2012.12.16"]
[Round "4.16"]
[White "Ruano Marco, Javier"]
[Black "Alvarez Abejon, Amilcar"]
[Result "0-1"]
[WhiteElo "2174"]
[BlackElo "2095"]
[PlyCount "38"]
[EventDate "2012.11.18"]
[EventRounds "14"]
[EventCountry "ESP"]
[Source "lmi"]
[SourceDate "2012.11.18"]
[WhiteTeam "64 Villalba"]
[BlackTeam "Pueblo Nuevo"]
[WhiteTeamCountry "ESP"]
[BlackTeamCountry "ESP"]

1. e4 Nf6 2. Nc3 e5 3. d4 exd4 4. Qxd4 Nc6 5. Qa4 Bb4 6. Bd2 O-O 7. O-O-O d6 8.
Bb5 Bd7 9. e5 Bxc3 10. Bxc3 Ng4 11. Bxc6 bxc6 12. Nh3 Nxe5 13. f4 c5 14. Qe4
Ng4 15. f5 Ne5 16. Rhf1 f6 17. Nf4 Qe8 18. Qe2 Bb5 19. Nd3 Nxd3+ 0-1

[Event "Liga Madrileña - DH 2012-2013"]
[Site "Madrid ESP"]
[Date "2012.12.16"]
[Round "4.21"]
[White "Valles Moreno, Ivan"]
[Black "Candela Perez, Jose"]
[Result "1-0"]
[WhiteElo "2382"]
[BlackElo "2393"]
[PlyCount "63"]
[EventDate "2012.11.18"]
[EventRounds "14"]
[EventCountry "ESP"]
[Source "lmi"]
[SourceDate "2012.11.18"]
[WhiteTeam "Amigos del Retiro"]
[BlackTeam "Casa del Ajedrez"]
[WhiteTeamCountry "ESP"]
[BlackTeamCountry "ESP"]

1. e4 c5 2. Nf3 d6 3. d4 cxd4 4. Nxd4 Nf6 5. Nc3 a6 6. Be2 e6 7. f4 Be7 8. a4
Nc6 9. Be3 Qc7 10. O-O O-O 11. Kh1 Bd7 12. Nf3 Rfd8 13. Bd3 Ng4 14. Bg1 Bf6 15.
a5 Nxa5 16. e5 dxe5 17. Ng5 Nh6 18. Nxh7 Be7 19. f5 exf5 20. Nd5 Qd6 21. Rxa5
Kxh7 22. c4 b5 23. Bb6 e4 24. Bc7 Qg6 25. Be2 Bc6 26. Bxd8 Bxd8 27. Ra3 bxc4
28. Bxc4 Bb7 29. Nf4 Qb6 30. Rh3 Kg8 31. Rxh6 Qxh6 32. Qd7 1-0

[Event "Liga Madrileña - DH 2012-2013"]
[Site "Madrid ESP"]
[Date "2012.12.16"]
[Round "4.22"]
[White "Gallego Jimenez, Victoriano"]
[Black "Vallejo Diaz, Javier"]
[Result "1-0"]
[WhiteElo "2385"]
[BlackElo "2401"]
[PlyCount "137"]
[EventDate "2012.11.18"]
[EventRounds "14"]
[EventCountry "ESP"]
[Source "lmi"]
[SourceDate "2012.11.18"]
[WhiteTeam "Casa del Ajedrez"]
[BlackTeam "Amigos del Retiro"]
[WhiteTeamCountry "ESP"]
[BlackTeamCountry "ESP"]

1. d4 d5 2. c4 c6 3. Nf3 Nf6 4. e3 g6 5. Nc3 Bg7 6. Bd3 O-O 7. O-O Bg4 8. cxd5
Nxd5 9. h3 Bxf3 10. Qxf3 e6 11. Rd1 Nd7 12. Bd2 Nb4 13. Bf1 Qe7 14. a3 Nd5 15.
Nxd5 exd5 16. Bb4 Qe6 17. Bxf8 Rxf8 18. b4 f5 19. b5 c5 20. Rac1 c4 21. Qxd5
Qxd5 22. Bxc4 Nb6 23. Bxd5+ Nxd5 24. Rc5 Rd8 25. Rdc1 Kf7 26. Rxd5 Rxd5 27.
Rc7+ Kf6 28. Rxb7 a6 29. bxa6 Ra5 30. a7 Rxa3 31. g4 Bh6 32. Kg2 Ra2 33. Kf3
Ra3 34. h4 fxg4+ 35. Kxg4 Bg7 36. Kf3 h5 37. Ke4 Bh6 38. f4 Ke6 39. d5+ Kd6 40.
Rb6+ Kd7 41. Rxg6 Bf8 42. Rg8 Ke8 43. Kf5 Rxa7 44. e4 Rf7+ 45. Ke5 Kd7 46. f5
Be7 47. Kf4 Kd6 48. Rg6+ Kc5 49. Ke5 Bxh4 50. Rc6+ Kb5 51. f6 Rxf6 52. Rxf6
Bxf6+ 53. Kxf6 h4 54. e5 h3 55. e6 h2 56. e7 h1=Q 57. e8=Q+ Kc5 58. Qc6+ Kd4
59. Qa4+ Kc5 60. Qa7+ Kc4 61. Qa4+ Kc5 62. Qc6+ Kd4 63. Qb6+ Kc4 64. d6 Qh4+
65. Ke6 Qg4+ 66. Ke7 Qg7+ 67. Kd8 Qf8+ 68. Kc7 Qf4 69. Kb7 1-0

[Event "Liga Madrileña - DH 2012-2013"]
[Site "Madrid ESP"]
[Date "2012.12.16"]
[Round "4.23"]
[White "Martin Rueda, Daniel"]
[Black "Rojo Huerta, Gabriel"]
[Result "0-1"]
[WhiteElo "2290"]
[BlackElo "2356"]
[PlyCount "80"]
[EventDate "2012.11.18"]
[EventRounds "14"]
[EventCountry "ESP"]
[Source "lmi"]
[SourceDate "2012.11.18"]
[WhiteTeam "Amigos del Retiro"]
[BlackTeam "Casa del Ajedrez"]
[WhiteTeamCountry "ESP"]
[BlackTeamCountry "ESP"]

1. d4 Nf6 2. Bg5 Ne4 3. Bf4 d5 4. e3 c5 5. Bd3 cxd4 6. Bxe4 dxe4 7. exd4 Qb6 8.
Nc3 Nc6 9. d5 e5 10. Be3 Qxb2 11. Nge2 Nb4 12. O-O Qxc2 13. Nb5 Bg4 14. Qxc2
Nxc2 15. Nc7+ Kd7 16. Nxa8 Bxe2 17. Bxa7 Bc5 18. Bxc5 Rxa8 19. Rfe1 Nxe1 20.
Rxe1 Rxa2 21. h3 Bd3 22. Bf8 g6 23. d6 Rb2 24. Kh2 Rb1 25. Re3 f5 26. h4 Rf1
27. Rg3 Rxf2 28. h5 f4 29. Rg5 e3 30. hxg6 hxg6 31. Rxe5 Bf5 32. Re7+ Kxd6 33.
Rxe3+ Kd5 34. Rf3 Rxf3 35. gxf3 b5 36. Kg2 Kc4 37. Kf2 b4 38. Ke2 Kc3 39. Kd1
b3 40. Bg7+ Kd3 0-1

[Event "Liga Madrileña - DH 2012-2013"]
[Site "Madrid ESP"]
[Date "2012.12.16"]
[Round "4.24"]
[White "Elguezabal Varela, Daniel"]
[Black "Sanchez Gonzalez, Sergio"]
[Result "1/2-1/2"]
[WhiteElo "2366"]
[BlackElo "2295"]
[PlyCount "66"]
[EventDate "2012.11.18"]
[EventRounds "14"]
[EventCountry "ESP"]
[Source "lmi"]
[SourceDate "2012.11.18"]
[WhiteTeam "Casa del Ajedrez"]
[BlackTeam "Amigos del Retiro"]
[WhiteTeamCountry "ESP"]
[BlackTeamCountry "ESP"]

1. d4 Nf6 2. Nf3 e6 3. Bg5 c5 4. e3 Qb6 5. Nbd2 d5 6. Bxf6 gxf6 7. Be2 Nc6 8.
O-O cxd4 9. exd4 Bg7 10. c4 Nxd4 11. Nxd4 Qxd4 12. cxd5 O-O 13. dxe6 Bxe6 14.
Nc4 Rfd8 15. b3 Qh4 16. Qc2 b5 17. Ne3 Rac8 18. Rad1 f5 19. Rxd8+ Qxd8 20. Qb1
Qg5 21. Rc1 f4 22. Rxc8+ Bxc8 23. Qe4 Be6 24. h4 Qf6 25. Nd5 Qa1+ 26. Bf1 Bxd5
27. Qxd5 Qxa2 28. Qxb5 Qb1 29. Qb8+ Bf8 30. Qxf4 Qxb3 31. g3 Qb1 32. Kg2 Qg6
33. Kh2 Qd6 1/2-1/2

[Event "Liga Madrileña - DH 2012-2013"]
[Site "Madrid ESP"]
[Date "2012.12.16"]
[Round "4.25"]
[White "Perez Gonzalez, Jose Manuel"]
[Black "Suarez Uriel, Adrian"]
[Result "1/2-1/2"]
[WhiteElo "2314"]
[BlackElo "2241"]
[PlyCount "119"]
[EventDate "2012.11.18"]
[EventRounds "14"]
[EventCountry "ESP"]
[Source "lmi"]
[SourceDate "2012.11.18"]
[WhiteTeam "Amigos del Retiro"]
[BlackTeam "Casa del Ajedrez"]
[WhiteTeamCountry "ESP"]
[BlackTeamCountry "ESP"]

1. e4 c5 2. Nf3 Nc6 3. d4 cxd4 4. Nxd4 g6 5. c4 Nf6 6. Nc3 d6 7. Be2 Nxd4 8.
Qxd4 Bg7 9. Be3 O-O 10. Qd2 Be6 11. O-O Qa5 12. Rab1 Rfc8 13. b3 a6 14. Rfc1 b5
15. b4 Qd8 16. cxb5 axb5 17. Bxb5 Rxc3 18. Qxc3 Nxe4 19. Qc6 d5 20. a4 Rc8 21.
Qb6 Nc3 22. Rxc3 Bxc3 23. Qxd8+ Rxd8 24. Bc5 Bf5 25. Rc1 d4 26. Bxe7 Rd5 27. h3
Kg7 28. g4 Be4 29. Bc6 Re5 30. Bd6 Re6 31. Bxe4 Rxe4 32. a5 Re6 33. Bc5 f6 34.
Rd1 Ra6 35. g5 Kf7 36. gxf6 Rxf6 37. Rd3 Ra6 38. Bxd4 Bxb4 39. Rb3 Bxa5 40.
Rb7+ Ke6 41. Rxh7 Bb6 42. Bxb6 Rxb6 43. Kg2 Kf6 44. Kg3 Ra6 45. h4 Rb6 46. h5
Rb3+ 47. Kg4 Rb4+ 48. f4 gxh5+ 49. Rxh5 Kg6 50. Rg5+ Kf6 51. Ra5 Rb6 52. Rh5
Kg6 53. f5+ Kg7 54. Kg5 Rb1 55. f6+ Kg8 56. Kg6 Rg1+ 57. Rg5 Rxg5+ 58. Kxg5 Kf7
59. Kf5 Kf8 60. Kg6 1/2-1/2